| 000 | 00724nam a2200229 i 4500 | ||
|---|---|---|---|
| 001 | 101534 | ||
| 003 | ES-MaACL | ||
| 005 | 20250807062546.0 | ||
| 007 | t| | ||
| 008 | 051020s1955 sp ||||1| spa d | ||
| 245 | 0 | 0 |
_aMedicina oficial y medicinas heréticas / _cDr. Alexis Carrel, A. Lumiére, Dr. R. Allendy, Dr. Biot...; [versión española de Julio Lago Alonso]. |
| 250 | _a1ª ed. | ||
| 260 |
_aBarcelona : _bLuis de Caralt, _c1955. |
||
| 300 |
_a282 p. ; _c20 cm. |
||
| 490 | 1 | _aCultura médica | |
| 650 | 0 | 7 |
_aMedicina _2embne _914891 |
| 700 | 1 |
_aCarrel, Alexis. _935609 |
|
| 700 | 1 |
_aLago Alonso, Julio. _969587 |
|
| 830 | 0 |
_aCultura médica _9183701 |
|
| 852 |
_aES-MaACL _jC-9265 |
||
| 999 |
_c101534 _d101534 |
||